[Event "Bornholms Sommer B3"]
[Site "Ronne"]
[Date "2011.07.10"]
[Round "4"]
[White "Nielsen, Jonas Burgel Sindal"]
[Black "Mejlvang, Magnus"]
[Result "1/2-1/2"]
[WhiteElo "1175"]
[BlackElo "1230"]
[PlyCount "96"]
[EventDate "2011.07.08"]
[EventType "tourn"]
[EventRounds "5"]
[EventCountry "DEN"]
[SourceTitle "EXT 2023"]
[Source "ChessBase"]
[SourceDate "2022.10.05"]
[SourceVersion "1"]
[SourceVersionDate "2022.10.05"]
[SourceQuality "1"]

1. d4 e6 2. c4 Nf6 3. Nc3 Bb4 4. Bg5 0-0 5. Nf3 b6 6. e3 Bb7 7. Be2 d6 8. a3 Bxc3+ 9. bxc3 Nbd7 10. 0-0 Qc8 11. Re1 c5 12. Qc2 h6 13. Bf4 Qc6 14. Bd3 Rfe8 15. e4 e5 16. d5 Qc7 17. Bd2 Nh5 18. Bf1 Qd8 19. Rad1 g5 20. h3 Kh7 21. Nh2 Ndf6 22. Be2 Nf4 23. Bxf4 gxf4 24. Ng4 Rg8 25. Nxf6+ Qxf6 26. Bg4 Bc8 27. Bf5+ Bxf5 28. exf5 Kh8 29. Qe4 Rg7 30. Kh1 Rag8 31. Rg1 Rg5 32. a4 Rxf5 33. Qf3 Rfg5 34. Ra1 Re8 35. Rge1 Qe7 36. a5 Rb8 37. Qxf4 bxa5 38. Rxa5 Qd8 39. Qxf7 Qxa5 40. Qf6+ Rg7 41. Qxh6+ Kg8 42. Qe6+ Kh7 43. Qxd6 Rbg8 44. Qxe5 Qb6 45. d6 Kh8 46. Qf6 Qc6 47. f3 a5 48. Re5 Ra8 1/2-1/2

[Event "Bornholms Sommer B3"]
[Site "Ronne"]
[Date "2011.07.09"]
[Round "2"]
[White "Ananthan, Arunn"]
[Black "Mejlvang, Magnus"]
[Result "1/2-1/2"]
[WhiteElo "1179"]
[BlackElo "1230"]
[PlyCount "64"]
[EventDate "2011.07.08"]
[EventType "tourn"]
[EventRounds "5"]
[EventCountry "DEN"]
[SourceTitle "EXT 2023"]
[Source "ChessBase"]
[SourceDate "2022.10.05"]
[SourceVersion "1"]
[SourceVersionDate "2022.10.05"]
[SourceQuality "1"]

1. e4 e6 2. d4 d5 3. exd5 exd5 4. Nc3 Nf6 5. Nf3 c6 6. Be2 Bd6 7. 0-0 0-0 8. Be3 Bf5 9. Nh4 Be6 10. f4 Ng4 11. Nf5 Bxf5 12. Bxg4 Bxg4 13. Qxg4 Nd7 14. f5 Nf6 15. Qf3 Qc7 16. Bf4 Bxf4 17. Qxf4 Qxf4 18. Rxf4 Rfe8 19. h3 Re7 20. Rff1 Rae8 21. Kf2 Nd7 22. Rae1 Rxe1 23. Rxe1 Rxe1 24. Kxe1 Kf8 25. Kf2 Ke7 26. Ke3 Kf6 27. Kf4 Nb6 28. b3 Nc8 29. g4 h6 30. Nd1 Nd6 31. Nc3 h5 32. g5+ Ke7 1/2-1/2

[Event "Taastrup Quick Weekend 12th B4"]
[Site "Taastrup"]
[Date "2010.10.03"]
[Round "5"]
[White "Koch Muller, Victor"]
[Black "Mejlvang, Magnus"]
[Result "0-1"]
[WhiteElo "1045"]
[BlackElo "1191"]
[PlyCount "46"]
[EventDate "2010.10.01"]
[EventType "tourn"]
[EventRounds "5"]
[EventCountry "DEN"]
[SourceTitle "EXT 2023"]
[Source "ChessBase"]
[SourceDate "2022.10.05"]
[SourceVersion "1"]
[SourceVersionDate "2022.10.05"]
[SourceQuality "1"]

1. e3 e5 2. g3 d5 3. f4 e4 4. Bg2 Nf6 5. Ne2 Bg4 6. 0-0 Nc6 7. c3 Qd7 8. d3 0-0-0 9. dxe4 dxe4 10. Nd2 Bc5 11. Nxe4 Qxd1 12. Rxd1 Rxd1+ 13. Kf2 Nxe4+ 14. Bxe4 Bxe2 15. Kxe2 Rd6 16. b3 Ne7 17. Bb2 Rhd8 18. Rb1 f5 19. Bh1 Rd2+ 20. Kf3 Rxh2 21. Bg2 Rd2 22. c4 Rhxg2 23. Bc3 Rgf2# 0-1

[Event "Taastrup Quick Weekend 10th B4"]
[Site "Taastrup"]
[Date "2009.10.03"]
[Round "3"]
[White "Wadtland, Flemming"]
[Black "Mejlvang, Magnus"]
[Result "0-1"]
[WhiteElo "1145"]
[BlackElo "1000"]
[PlyCount "72"]
[EventDate "2009.10.02"]
[EventType "swiss"]
[EventRounds "3"]
[EventCountry "DEN"]
[SourceTitle "EXT 2023"]
[Source "ChessBase"]
[SourceDate "2022.10.05"]
[SourceVersion "1"]
[SourceVersionDate "2022.10.05"]
[SourceQuality "1"]

1. f4 d5 2. Nf3 Bf5 3. e3 Nc6 4. d4 e6 5. Bb5 Qd7 6. Ne5 Qd6 7. Nxc6 bxc6 8. Ba4 Qb4+ 9. Nc3 Qb6 10. 0-0 Bd6 11. a3 Ne7 12. b4 0-0 13. Qe2 a5 14. Rb1 axb4 15. h3 Qa5 16. axb4 Bxb4 17. Rxb4 Qxb4 18. Bd2 Rxa4 19. Nxd5 Qd6 20. Bb4 Rxb4 21. Nxb4 Qxb4 22. Kh2 Qb5 23. c4 Qb3 24. e4 Bg6 25. f5 exf5 26. e5 f6 27. e6 f4 28. Rxf4 Bd3 29. Qg4 Bf5 30. Rxf5 Nxf5 31. Qxf5 Qxc4 32. e7 Re8 33. Qd7 Qf7 34. Qxc7 Qxe7 35. Qxc6 Rd8 36. Qb6 Qd6+ 0-1